Encyclopedia of Arabic language and linguistics Vol. 4. (Record no. 106691)

MARC details
000 -LEADER
fixed length control field 00789nam a2200241Ia 4500
003 - CONTROL NUMBER IDENTIFIER
control field OSt
005 - DATE AND TIME OF LATEST TRANSACTION
control field 20220918105408.0
008 - FIXED-LENGTH DATA ELEMENTS--GENERAL INFORMATION
fixed length control field 220915b |||||||| |||| 00| 0 are d
020 ## - INTERNATIONAL STANDARD BOOK NUMBER
International Standard Book Number 9.789E+12
037 ## - SOURCE OF ACQUISITION
Terms of availability Reference Collections
040 ## - CATALOGING SOURCE
Original cataloging agency ARTS
Transcribing agency ARTS
Language of cataloging are
041 ## - LANGUAGE CODE
Source of code are
Language code of text/sound track or separate title are
100 ## - MAIN ENTRY--PERSONAL NAME
Personal name Versteegh Kees
9 (RLIN) 1000
245 #0 - TITLE STATEMENT
Title Encyclopedia of Arabic language and linguistics Vol. 4.
260 ## - PUBLICATION, DISTRIBUTION, ETC.
Date of publication, distribution, etc. 2008
650 ## - SUBJECT ADDED ENTRY--TOPICAL TERM
Topical term or geographic name entry element ENCYCLOPEDIAS AND DICTIONARIES
9 (RLIN) 77
942 ## - ADDED ENTRY ELEMENTS (KOHA)
Classification part P28k, P6.1-.5(RR)
Koha item type Reference
Holdings
Withdrawn status Lost status Damaged status Not for loan Home library Current library Date acquired Source of acquisition Cost, normal purchase price Total Checkouts Full call number Barcode Date last seen Cost, replacement price Price effective from Koha item type
        Arts Library Arts Library 2022-09-18 26935, 28/01/2009, Segment Book Distributors 12868.02   P28k P6.1-.5(RR) AL1293626 2022-09-18 12868.02 2022-09-18 Reference
Copyright @ Delhi University Library System